000 00697nam a2200169 4500
999 _c14494
_d14494
008 190928b ||||| |||| 00| 0 eng d
022 _a00223514
082 _aDPer 302.05 J82 July-Sept 2016 v. 111, n. 1-3.
245 _aPersonality trait development at the end of life :
_bantecedents and correlates of mean-level trajectories/
_cJenny Wagner [and three others].
260 _aWashington DC:
_bAmerican Psychological Association,
_c©2016.
300 _av111 n3, pages 411-429 :
_billustrations ;
_c27 cm.
650 _aPersonality.
_941055
700 _940058
_aRam, Nilam.
_eAuthor.
700 _940059
_aSmith, Jacqui.
_eAuthor.
700 _940060
_aGerstorf, Denis.
_eAuthor.
942 _2ddc
_cPER